000 00634nam a2200229Ia 4500
003 OSt
005 20220926032750.0
006 a|||||r|||| 00| 0
007 ta
008 220923b |||||||| |||| 00| 0 eng d
020 _a9784621082256
037 _cGeneral Book
040 _aRTL
_cRTL
_beng
041 _2eng
_aeng
082 _aX:(Z, 267), Q0
100 _aAOKI Reiko
_9338056
245 0 _aTopics in economics of intellectual property and innovation
260 _aTokyo
_bMaruzen
_c2010
300 _ax, 168p
_ccm.
942 _hX:(Z, 267), Q0
_cGB
_2CC
999 _c655592
_d655592